Šlabikár pre 1. ročník základnej deväťročnej školy

Bibliographic Details
Main Authors: Brťka, Juraj, 1912-1997 (Author), Foltín, Michal, 1905-1969 (Author), Králiková, A. (Author), Jarembáková, M. (Author)
Other Authors: Hložník, Ferdinand, 1921-2006 (Illustrator)
Format: Book
Language:Slovak
PhysicalDescription:107 strán ilustrácie 25 cm 8 strán obrazových príloh
Published: Bratislava Slovenské pedagogické nakladateľstvo 1967
Edition:2. vyd.
Subjects:

MARC

LEADER 00000cam a2200000 a 4500
001 vtls008310517
003 SK-MaSNL
005 20260302003604.0
008 230501s1967 xo a brp 000 0 slo
015 |a SNBA1967/01-00062 
020 |q (viazané) 
035 |a SNK19670002734 
035 |a 95620B42-FA8B-435F-BB5F-1D1F08ABAB84 
035 |a urn:nbn:sk:snk-am00ibrm 
035 |a 5017C36A-4E40-4292-B4F0-9A35336F294B 
035 |a urn:nbn:sk:snk-am00icrj 
035 |a SKM000005197 
040 |a SNK  |b slo  |c SNK  |e AACR2 
041 0 |a slo 
044 |a xo  |c SK 
072 7 |a 028  |x Čítanie  |2 konspekt 
072 7 |a 37.016  |x Učebné osnovy. Vyučovacie predmety. Učebnice  |2 konspekt 
080 |a 028  |2 2011 
080 |a 811.162.4  |2 2011 
080 |a 37.016:028-028.31  |2 2011 
080 |a (075.2)  |2 2011 
080 |a 003.03/.09  |2 2011 
245 0 0 |a Šlabikár pre 1. ročník základnej deväťročnej školy  |c spracoval J. Brťka ... [et al.] ; [ilustrácie Ferdinand Hložník] 
250 |a 2. vyd. 
260 |a Bratislava  |b Slovenské pedagogické nakladateľstvo  |c 1967 
300 |a 107 strán  |b ilustrácie  |c 25 cm  |e 8 strán obrazových príloh 
366 |e 65100 kusov 
500 |a Frontispice. Predsádky 
650 0 7 |a slovenčina  |2 SNKPH  |9 1350 
650 0 7 |a čítanie  |2 SNKPH  |9 1654 
650 0 7 |a písanie  |2 SNKPH  |9 1728 
655 7 |a šlabikáre  |2 SNKPH  |9 70665 
655 7 |a učebnice základných škôl  |2 SNKPH  |9 70187 
700 1 |a Brťka, Juraj,  |d 1912-1997  |4 aut  |9 159368 
700 1 |a Foltín, Michal,  |d 1905-1969  |4 aut  |9 184036 
700 1 |a Králiková, A.  |4 aut  |9 52442 
700 1 |a Jarembáková, M.  |4 aut  |9 611241 
700 1 |a Hložník, Ferdinand,  |d 1921-2006  |4 ill  |9 92675 
852 |a Slovenská národná knižnica 
954 |a odborná, vedecká literatúra pôvodná (slovenská)  |2 lita 
958 |a RK 
958 |a TL 
958 |a DB 
958 |a OND 
958 |a UC 
958 |a EUIPO 
999 |c 992621  |d 994551 
952 |a SNK  |b SNK  |y VYP  |7 0  |p 17A0688544  |o snkSC 22242 D1  |i snkKSP 833/67  |0 0  |1 0  |4 0  |d 2011-02-18  |l 0  |r 2026-02-24 11:54:11  |w 2026-02-24 
952 |a SNK  |b SNK  |y VYP  |7 0  |p 17A0688921  |o snkSC 22242/príl.1-8 D1  |i snkKSP 833/67  |0 0  |1 0  |4 0  |d 2011-02-18  |l 0  |r 2026-02-24 11:54:11  |w 2026-02-24 
952 |a SNK  |b SNK  |y PREZ  |7 0  |p 17A0800741  |o snkSC 22242  |i snkKSP 832/67  |0 0  |1 0  |4 0  |d 2012-08-27  |f 1  |l 0  |r 2026-02-24 11:54:11  |w 2026-02-24 
952 |a SNK  |b SNK  |y PREZ  |7 0  |p 17A0800870  |o snkSC 22242/príl.1-8  |i snkKSP 832/67  |3 8 listov prílohy  |z 8 listov prílohy  |0 0  |1 0  |4 0  |d 2012-08-27  |f 1  |l 0  |r 2026-02-24 11:54:11  |w 2026-02-24